Los principios generales del derecho

Zapisane w:
Opis bibliograficzny
1. autor: Del Vecchio, Giorgio (autor)
Kolejni autorzy: Ossorio Morales, Juan (traducción y apéndice), Diego, Felipe Clemente de (prólogo)
Format: Książka
Wydane: Barcelona, España: Bosch, 1948.
Wydanie:Segunda edición.
Hasła przedmiotowe:
Etykiety: Dodaj etykietę
Nie ma etykietki, Dołącz pierwszą etykiete!

MARC

LEADER 00000nam a22000007a 4500
003 CL-VaPUC
005 20220822114717.0
008 220725t1948 ||||| |||| 00| 0 eng d
999 |c 437504  |d 437502 
040 |c Pontificia Universidad Católica de Valparaíso 
082 0 4 |a 340.1 DEL 1948  |2 21 
100 |a Del Vecchio, Giorgio  |e autor   |9 255040 
245 1 4 |a Los principios generales del derecho 
250 |a Segunda edición. 
260 |a Barcelona, España:  |b Bosch,   |c 1948. 
300 |a 149 páginas.  
500 |a c.1 Donación Familia Prof. Alejandro Guzmán Brito. 
583 |a last modification  |c 19971121 00:00:00  |k Cristina María Rojas Aguilar 
650 0 |a Filosofía del derecho   |9 255050 
650 0 |a Positivismo jurídico  |9 255992 
650 0 |a Derecho privado  |9 258243 
650 0 |a Derecho natural   |9 255041 
700 |a Ossorio Morales, Juan   |e traducción y apéndice  |9 873830 
700 |a Diego, Felipe Clemente de,   |e prólogo  |9 873831 
942 |c BK  |2 ddc  |n 0 
952 |0 0  |1 0  |2 ddc  |4 0  |6 340_100000000000000_DEL_1948  |7 0  |8 C_AGB  |9 585276  |a BIBDER  |b BIBDER  |d 2022-07-25  |e Donación   |i 5653315  |o 340.1 DEL 1948  |p 5653315  |r 2023-01-25  |t 1  |w 2022-07-25  |y BK_US  |k AGB